Peňažné pohľadávky
Gespeichert in:
| 1. Verfasser: | |
|---|---|
| Format: | Buch |
| Sprache: | Slowakisch |
| Veröffentlicht: |
Bratislava
Zväz slovenských Priemyselníkov
1937
|
| Tags: |
Keine Tags, Fügen Sie das erste Tag hinzu!
|
MARC
| LEADER | 00000nam a2200000 4500 | ||
|---|---|---|---|
| 001 | c111149 | ||
| 005 | 20041019155148.9 | ||
| 041 | 0 | |a slo | |
| 044 | |a SK | ||
| 245 | 1 | 0 | |a Peňažné pohľadávky |c Štefan Luby |
| 264 | 1 | |a Bratislava |b Zväz slovenských Priemyselníkov |c 1937 | |
| 100 | 1 | |a Luby, Štefan | |